Ngữ pháp tiếng Anh Tự loại
Tìm hiểu về danh từ, đại từ, tính từ, động từ, phó từ, mạo từ....
Zapisane w:
| 1. autor: | |
|---|---|
| Format: | Książka |
| Język: | Vietnamese |
| Wydane: |
H.
Giáo dục
1994
|
| Hasła przedmiotowe: | |
| Etykiety: |
Dodaj etykietę
Nie ma etykietki, Dołącz pierwszą etykiete!
|
| Thư viện lưu trữ: | Mạng thư viện Đại học Đà Nẵng |
|---|
| LEADER | 01108nam a2200337 4500 | ||
|---|---|---|---|
| 001 | 000009729 | ||
| 003 | 5927 | ||
| 005 | 20111101161110.0 | ||
| 008 | 111101s1994 viesd | ||
| 041 | 0 | |a vie | |
| 082 | |a 425 |b LÊ-D | ||
| 100 | 0 | |a Lê Dũng |e Tác giả | |
| 245 | 0 | |a Ngữ pháp tiếng Anh |b Tự loại |c Lê Dũng | |
| 260 | |a H. |b Giáo dục |c 1994 | ||
| 300 | |a 160tr |c 21cm | ||
| 504 | |a Mục lục cuối sách | ||
| 520 | |a Tìm hiểu về danh từ, đại từ, tính từ, động từ, phó từ, mạo từ.... | ||
| 653 | |a Ngữ pháp | ||
| 653 | |a Tiếng Anh | ||
| 653 | |a Tự loại | ||
| 910 | |a Thương |d 1/11/2011 | ||
| OWN | |a LSP | ||
| AVA | |a UDN50 |b LSP |d 425 LÊ-D |e available |t Error 5001 Not defined in file expand_doc_bib_avail. |f 2 |g 0 |h N |i 1 |k 1 | ||
| 999 | |a From the UDN01 | ||
| AVA | |a UDN50 |b LSP |d 425 LÊ-D |e available |t Error 5001 Not defined in file expand_doc_bib_avail. |f 2 |g 0 |h N |i 1 |k 1 | ||
| TYP | |a Monograph | ||
| TYP | |a Printed language | ||
| 980 | |a Mạng thư viện Đại học Đà Nẵng | ||